| 000 | 01210namaa22002891 4500 | ||
|---|---|---|---|
| 001 | 176674 | ||
| 003 | ES-MaACL | ||
| 005 | 20240224062545.0 | ||
| 008 | 110201s2006 sp r |||| | spa d | ||
| 020 | _a84-87914-75-6 | ||
| 080 | _a821.134.2 Cervantes Saavedra, Miguel de | ||
| 080 | _a929 Cervantes Saavedra, Miguel de | ||
| 245 | 0 | 0 |
_aCervantes y el "Quijote" / _c[coordina, Francisco Javier García Gutiérrez]. |
| 250 | _a2ª ed. | ||
| 260 |
_a[Alcalá de Henares] : _bAyuntamiento de Alcalá de Henares, _cD. L. 2006. |
||
| 300 |
_a171 p. : _bil. bl. y n. ; _c26 cm + _e1 cuadernillo (28 p. : il. col. y n.) |
||
| 500 | _aEl cuaderno acompaña a la ed. facs. en conmemoración del 4º centenario de la ed. de la primera parte de El Quijote (1605-2005) | ||
| 500 | _aÍndices. | ||
| 600 | 1 | 4 |
_aCervantes Saavedra, Miguel de, _d1547-1616. _tDon Quijote de la Mancha- _xCrítica e interpretación _937618 |
| 600 | 1 | 4 |
_aCervantes Saavedra, Miguel de, _d1547-1616 _9226514 |
| 655 | 7 |
_2tgfbne _9226495 _aFacsímiles |
|
| 700 | 0 |
_aGarcía Gutiérrez, Francisco Javier. _954745 |
|
| 852 |
_aES-MaACL _jE-14142 |
||
| 852 |
_aES-MaACL _jE-14143 |
||
| 942 | _2udc | ||
| 999 |
_c176674 _d176674 |
||